Responses for Show #8691 - Monday, July 25, 2022

Contestants

[<< previous game]

Angela Xu, a corporate lawyer from San Mateo, California

Ed Coulson, an economics and real estate professor from Dana Point, California

Karla Fossett, a content administrator from Saco, Maine (whose 1-day cash winnings total $16,600)

[next game >>]

Jeopardy! Round responses

EASTERN EUROPEAN HISTORY
BREAKFAST TIME
8-LETTER WORDS
CHEMISTRY
SLOW
YOUR ROLE
    $200 2
Romania

Karla
    $200 1
Cap'n Crunch

Ed
    $200 23
an envelope

Triple Stumper
    $200 8
carbon

Angela
    $200 16
molasses

Karla
    $200 15
[Ken says "ANN-uh" instead of the correct "AWN-uh".]

Allison Janney

Ed
    $400 3
(Ed: What is the Berlin Wall?)

the Iron Curtain

EdAngela
    $400 27
an old-fashioned

Angela
    $400 24
audience

Ed
    $400 11
water

Angela
    $400 17
Moses

Ed
    $400 19
(Angela: Who is...)

Sacha Baron Cohen

EdAngela
    $1,000 4
(Angela: Uh, let's make it a True Daily Double.)
(Ken: $400 then? You can wager up to $1,000.)
(Angela: Uh, yeah, okay, $1,000.)
(Ken: All right, that's the maximum in this round.)
...
(Ken: Yes, named for St. Cyril.)

Cyrillic

Angela
    $600 28
miso

Angela
    $600 10
forensic

Ed
    $600 26
vitamin D

Ed
    $600 18
the breaststroke

Karla
    $600 20
(Ken: The late [*], yes.)

Bob Saget

Karla
    $800 5
the Crimean War

Ed
    $800 29
a macchiato

Triple Stumper
    $800 7
offshore

Ed
    $800 12
atomic weight

Triple Stumper
    $800 9
metabolism

Ed
    $800 21
(Ed: [No response])

Cate Blanchett

KarlaEd
    $1000 6
the Balkan Peninsula

Angela
    $1000 30
(Ken: Delicious, yes.)

loco moco

Karla
    $1000 25
(Karla: What is mediocre?)

adequate

Karla
Triple Stumper
    $1000 13
electrolytes

Triple Stumper
    $1000 14
Neptune

Ed
    $1000 22
Don Cheadle

Karla

Scores at the first commercial break (after clue 15):

Karla Ed Angela
$200 $4,000 $3,000

Scores at the end of the Jeopardy! Round:

Karla Ed Angela
$3,400 $5,000 $3,600

Double Jeopardy! Round responses

U.S. GEOGRAPHY
LITERATURE OF THE MIDDLE AGES
IT'S A BUST!
SPECIAL "K"
CELEBRITY CATCHPHRASES
HOMONAMES
    $400 9
Louisiana

Angela
    $400 29
a sonnet

Ed
    $400 28
Jefferson

Ed
    $400 27
a kaleidoscope

Ed
    $400 30
Paris Hilton

Angela
    $400 26
to page

Karla
    $800 8
the Central Time Zone

Karla
    $800 7
the Green Knight

Karla
    $800 16
Stephen Hawking

Ed
    $800 17
kimchi

Karla
    $4,000 19
(Karla: What is... you get a car?)
(Ken: [Chuckles] That would inspire me, I have to say...)

aha moment

Karla
    $800 25
dug

Angela
    $1200 1
the Snake River

Ed
    $1200 4
morality plays

Angela
    $2,500 13
Homer

Ed
    $1200 12
Kismet

Ed
    $1200 18
auf Wiedersehen

Karla
    $1200 24
a tie

Ed
    $1600 2
(Ken: Ed thought of it too late.)

the Allegheny

Triple Stumper
    $1600 5
Roland

Angela
    $1600 14
Chopin

Ed
    $1600 10
(Angela: What is batik?)

kente cloth

Angela
Triple Stumper
    $1600 20
Emeril (Lagasse)

Karla
    $1600 23
wane

Angela
    $2000 3
Portsmouth

Karla
    $2000 6
Bede

Ed
    $2000 15
Georges Clemenceau

Triple Stumper
    $2000 11
a koan

Ed
    $2000 21
DJ Khaled

Angela
    $2000 22
a pawl

Triple Stumper

Scores at the end of the Double Jeopardy! Round:

Karla Ed Angela
$7,000 $18,700 $10,000

[wagering suggestions for these scores]

Final Jeopardy! Round responses

THE ROCK & ROLL HALL OF FAME
(Ken: [To Karla] No, there's a 25-year eligibility period for the Hall, so newer artists might not be eligible yet.)
...
(Ken: [To Angela] No, maybe also on the cusp of being too recent.)
...
(Ken: [To Ed] Tina Turner has since been inducted into the Hall a second time, but she was not the first... [*] of Fleetwood Mac received her second induction.)
KarlaWho is Beyonce?
$7,000
AngelaWho is Gwen Stefani?
$7,399
EdWho is Tina Turner
$1,301
Stevie Nicks

Final scores:

Karla Ed Angela
$0 $17,399 $2,601
3rd place: $1,000 New champion: $17,399 2nd place: $2,000

Game dynamics:

Coryat scores:

Karla Ed Angela
$11,000 $17,400 $9,600
14 R,
2 W
(including 1 DD)
22 R
(including 1 DD),
2 W
14 R
(including 1 DD),
2 W

Combined Coryat: $38,000

[game clues] [game scores] [suggest correction]

Game tape date: 2022-05-17
The J! Archive is created by fans, for fans. Scraping, republication, monetization, and malicious use prohibited; this site may use cookies and collect identifying information. See terms. The Jeopardy! game show and all elements thereof, including but not limited to copyright and trademark thereto, are the property of Jeopardy Productions, Inc. and are protected under law. This website is not affiliated with, sponsored by, or operated by Jeopardy Productions, Inc. Join the discussion at JBoard.tv.